[Event "Malmo op"]
[Site "Malmo"]
[Date "2021.12.17"]
[Round "4"]
[White "Nylen, Anders"]
[Black "Lindberg, Bengt"]
[Result "1/2-1/2"]
[WhiteElo "2173"]
[BlackElo "2367"]
[PlyCount "65"]
[EventDate "2021.12.17"]
[EventType "swiss"]
[EventRounds "8"]
[EventCountry "SWE"]
[SourceTitle "CBM 205 Extra"]
[Source "ChessBase"]
[SourceDate "2022.01.31"]
[SourceVersion "1"]
[SourceVersionDate "2022.01.31"]
[SourceQuality "1"]

1. d4 Nf6 2. c4 e6 3. Nc3 Bb4 4. e3 0-0 5. Nge2 Re8 6. a3 Bf8 7. Nf4 d6 8. Bd3 c6 9. 0-0 e5 10. dxe5 dxe5 11. Nfe2 Nbd7 12. Ng3 a5 13. Bc2 g6 14. b3 Qb6 15. Bb2 Nc5 16. Rb1 Bg4 17. f3 Rad8 18. Qe2 Bc8 19. Ba1 Bg7 20. b4 axb4 21. axb4 Ncd7 22. c5 Qc7 23. Nge4 Nxe4 24. Nxe4 Nf6 25. Nd6 Re7 26. e4 Ne8 27. Nxc8 Qxc8 28. Rfd1 Red7 29. Rxd7 Rxd7 30. Rd1 Nc7 31. Rxd7 Qxd7 32. Qd3 Qxd3 33. Bxd3 1/2-1/2

[Event "Lund CellaVision Cup"]
[Site "Lund"]
[Date "2016.08.07"]
[Round "7"]
[White "Nylen, Anders"]
[Black "Bellon Lopez, Juan Manuel"]
[Result "0-1"]
[WhiteElo "2100"]
[BlackElo "2340"]
[PlyCount "100"]
[EventDate "2016.08.05"]
[EventType "swiss"]
[EventRounds "8"]
[EventCountry "SWE"]
[SourceTitle "CBM 173 Extra"]
[Source "ChessBase"]
[SourceDate "2016.08.29"]
[SourceVersion "1"]
[SourceVersionDate "2016.08.29"]
[SourceQuality "1"]

1. d4 Nf6 2. Nf3 c5 3. c4 cxd4 4. Nxd4 b6 5. Nc3 Bb7 6. Bg5 d6 7. f3 h6 8. Bh4 e6 9. e4 Be7 10. Ndb5 a6 11. Bxf6 gxf6 12. Nd4 Nd7 13. Qa4 0-0 14. Be2 Qc7 15. 0-0 Ne5 16. f4 Nc6 17. Nf3 Rfc8 18. Rac1 Bf8 19. Qd1 Na5 20. b3 d5 21. exd5 Qxf4 22. Nd2 Qd4+ 23. Kh1 f5 24. Nf3 Qf6 25. Qd4 Qxd4 26. Nxd4 Bg7 27. Rfd1 exd5 28. Nxf5 dxc4 29. Ne7+ Kf8 30. Nxc8 Rxc8 31. b4 Nc6 32. Bf3 Nd8 33. Bxb7 Nxb7 34. Rd7 Nd8 35. Kg1 b5 36. Ne4 Ke8 37. Ra7 Bd4+ 38. Kf1 Bxa7 39. Nd6+ Kd7 40. Nxc8 Kxc8 41. Ke2 Nc6 42. Rf1 Nxb4 43. Rxf7 Bd4 44. a3 Nc2 45. Rh7 Nxa3 46. Rxh6 b4 47. Rxa6 Kb7 48. Ra4 b3 49. Rxa3 b2 50. Kd2 b1Q 0-1

[Event "SWE-chT 1415 Superettan"]
[Site "Sweden"]
[Date "2014.11.21"]
[Round "1"]
[White "Drugge, Patrick"]
[Black "Nylen, Anders"]
[Result "1-0"]
[WhiteElo "2175"]
[BlackElo "2096"]
[PlyCount "97"]
[EventDate "2014.11.21"]
[EventType "team-tourn"]
[EventRounds "9"]
[EventCountry "SWE"]
[SourceTitle "EXT 2018"]
[Source "ChessBase"]
[SourceDate "2017.10.13"]
[SourceVersion "1"]
[SourceVersionDate "2017.10.13"]
[SourceQuality "1"]
[WhiteTeam "Orebro"]
[BlackTeam "Limhamn II"]
[WhiteTeamCountry "SWE"]
[BlackTeamCountry "SWE"]

1. e4 c5 2. Nc3 d6 3. g3 Nc6 4. Bg2 g6 5. d3 Bg7 6. f4 e6 7. Nf3 Nge7 8. 0-0 0-0 9. Be3 Nd4 10. e5 Nec6 11. Ne4 dxe5 12. fxe5 Nxe5 13. Nxe5 Bxe5 14. c3 Nc6 15. Bxc5 Re8 16. d4 f5 17. dxe5 fxe4 18. Bd6 Qg5 19. Qa4 Bd7 20. Qxe4 Nd8 21. Qf4 Qxf4 22. Rxf4 Bc6 23. Raf1 Rc8 24. Rf8+ Kg7 25. Bxc6 Nxc6 26. R8f7+ Kg8 27. Rxb7 Na5 28. Rxa7 Nc4 29. Rff7 Nxd6 30. exd6 Red8 31. Rg7+ Kh8 32. Rxh7+ Kg8 33. Rag7+ Kf8 34. Rc7 Kg8 35. Rxc8 Rxc8 36. Rc7 Rd8 37. d7 Kf7 38. Kf2 Ke7 39. a4 Kd6 40. Rc4 e5 41. Rg4 Kxd7 42. Ke3 Rb8 43. b4 Rb6 44. a5 Rc6 45. c4 Ke7 46. b5 Re6 47. c5 Kf6 48. a6 Kf5 49. Ra4 1-0

[Event "SWE-chT2 1314"]
[Site "Sweden"]
[Date "2013.11.23"]
[Round "2"]
[White "Berdychevskaya, Natasha"]
[Black "Nylen, Anders"]
[Result "1-0"]
[WhiteElo "2209"]
[BlackElo "2116"]
[PlyCount "57"]
[EventDate "2013.11.22"]
[EventType "team-tourn"]
[EventRounds "9"]
[EventCountry "SWE"]
[SourceTitle "EXT 2015"]
[Source "ChessBase"]
[SourceDate "2014.11.20"]
[SourceVersion "1"]
[SourceVersionDate "2014.11.20"]
[SourceQuality "1"]
[WhiteTeam "Sollentuna"]
[BlackTeam "Limhamn II"]
[WhiteTeamCountry "SWE"]
[BlackTeamCountry "SWE"]

1. e4 c5 2. Nf3 d6 3. d4 cxd4 4. Nxd4 Nf6 5. Nc3 a6 6. Be2 e5 7. Nb3 Be7 8. 0-0 0-0 9. a4 Be6 10. f4 exf4 11. Bxf4 Nbd7 12. Nd4 Qc7 13. Kh1 Rac8 14. a5 Ne5 15. Qd2 Rfd8 16. Qe3 Nc4 17. Nxe6 fxe6 18. Qh3 Qd7 19. b3 Ne5 20. Rad1 Ng6 21. Bc4 Nf8 22. e5 Ne8 23. exd6 Nxd6 24. Bxd6 Bxd6 25. Rxf8+ Kxf8 26. Bxe6 Qc7 27. Nd5 Bf4 28. Qf5+ Ke8 29. Nxc7+ 1-0

[Event "SWE-chT2 1213"]
[Site "Sweden"]
[Date "2012.12.01"]
[Round "3"]
[White "Lissang, Christopher"]
[Black "Nylen, Anders"]
[Result "1-0"]
[WhiteElo "2261"]
[BlackElo "2103"]
[PlyCount "69"]
[EventDate "2012.10.20"]
[EventType "team-tourn"]
[EventRounds "9"]
[EventCountry "SWE"]
[SourceTitle "EXT 2015"]
[Source "ChessBase"]
[SourceDate "2014.11.20"]
[SourceVersion "1"]
[SourceVersionDate "2014.11.20"]
[SourceQuality "1"]
[WhiteTeam "Farsta"]
[BlackTeam "Limhamn II"]
[WhiteTeamCountry "SWE"]
[BlackTeamCountry "SWE"]

1. d4 Nf6 2. c4 g6 3. Nc3 d5 4. cxd5 Nxd5 5. e4 Nxc3 6. bxc3 Bg7 7. Be3 c5 8. Qd2 Qa5 9. Rc1 0-0 10. Nf3 Nc6 11. d5 Ne5 12. Nxe5 Bxe5 13. f4 Bg7 14. Bd3 Bd7 15. c4 Qc7 16. 0-0 f6 17. f5 b6 18. Bf4 Qb7 19. Qe2 Rac8 20. fxg6 hxg6 21. e5 f5 22. e6 Be8 23. Bg5 Bd4+ 24. Kh1 Kg7 25. g4 b5 26. Rb1 Rh8 27. gxf5 Qc7 28. Bf4 Qd8 29. Be5+ Bxe5 30. Qxe5+ Kg8 31. fxg6 Rh6 32. Rf7 Bxf7 33. gxf7+ Kf8 34. Rg1 Rxh2+ 35. Kxh2 1-0

[Event "SWE-chT 0910"]
[Site "Sweden"]
[Date "2010.03.13"]
[Round "10"]
[White "Nylen, Anders"]
[Black "Cramling, Dan"]
[Result "0-1"]
[WhiteElo "2171"]
[BlackElo "2408"]
[PlyCount "124"]
[EventDate "2009.10.16"]
[EventType "team"]
[EventRounds "11"]
[EventCountry "SWE"]
[SourceTitle "EXT 2011"]
[Source "ChessBase"]
[SourceDate "2010.11.26"]
[SourceVersion "1"]
[SourceVersionDate "2010.11.26"]
[SourceQuality "1"]
[WhiteTeam "Limhamn"]
[BlackTeam "Viking"]
[WhiteTeamCountry "SWE"]
[BlackTeamCountry "SWE"]

1. d4 Nf6 2. c4 c5 3. d5 b5 4. cxb5 a6 5. f3 axb5 6. e4 Qa5+ 7. Bd2 b4 8. Na3 d6 9. Nc4 Qd8 10. a3 e6 11. Bg5 exd5 12. exd5 Be7 13. Ne2 0-0 14. Ng3 bxa3 15. Rxa3 Rxa3 16. bxa3 Nxd5 17. Qxd5 Bxg5 18. Qxd6 Be6 19. Qxd8 Rxd8 20. Ne4 Bc1 21. Ned2 Nc6 22. Kd1 Bxd2 23. Nxd2 Ra8 24. Nb1 Bf5 25. Kc1 Bxb1 26. Kxb1 Rxa3 27. Bc4 Kf8 28. Re1 Rc3 29. Re4 f5 30. Kb2 fxe4 31. Kxc3 exf3 32. gxf3 Ke7 33. f4 Nd4 34. Kd3 Nf5 35. Bg8 h6 36. Ke4 Kf6 37. Ba2 Ne7 38. Bb3 Nf5 39. Ba2 Ne7 40. Bb3 Nc6 41. Bc4 Nd4 42. Ba2 Kg6 43. Bd5 Kh5 44. Bb7 Kh4 45. Bc8 Nc6 46. Be6 Nb4 47. Ke3 Na6 48. Kd3 Nc7 49. Bc8 Nd5 50. Ke4 Nf6+ 51. Kf5 c4 52. Kg6 c3 53. Bf5 Nh5 54. Bb1 Nxf4+ 55. Kxg7 h5 56. Kf6 Nd5+ 57. Ke5 Nb4 58. Kf4 c2 59. Bxc2 Nxc2 60. Kf3 Kh3 61. Kf4 h4 62. Kf3 Nd4+ 0-1

[Event "SWE-chT 0809"]
[Site "Sweden"]
[Date "2009.03.15"]
[Round "11"]
[White "Nylen, Anders"]
[Black "Jacobson, Erik"]
[Result "1/2-1/2"]
[WhiteElo "2244"]
[BlackElo "2110"]
[PlyCount "109"]
[EventDate "2008.10.25"]
[EventType "team-tourn"]
[EventRounds "11"]
[EventCountry "SWE"]
[SourceTitle "EXT 2011"]
[Source "ChessBase"]
[SourceDate "2010.11.26"]
[SourceVersion "1"]
[SourceVersionDate "2010.11.26"]
[SourceQuality "1"]

1. d4 Nf6 2. c4 g6 3. Nc3 Bg7 4. e4 d6 5. f3 0-0 6. Bg5 h6 7. Be3 Nc6 8. Nge2 a6 9. Qd2 Kh7 10. d5 Ne5 11. Nd4 c5 12. Nc2 e6 13. a4 exd5 14. cxd5 b6 15. Be2 Rb8 16. 0-0 Ne8 17. Rab1 Nc7 18. Rfc1 a5 19. Rf1 f5 20. Na3 Na6 21. exf5 gxf5 22. Nc4 Qf6 23. f4 Nxc4 24. Bxc4 Nb4 25. Nb5 Rb7 26. Qf2 Re7 27. Bd2 Bb7 28. Bc3 Qg6 29. Rbe1 Rfe8 30. Bxg7 Qxg7 31. Nxd6 Rxe1 32. Rxe1 Rxe1+ 33. Qxe1 Bxd5 34. Bxd5 Qd4+ 35. Kh1 Nxd5 36. Nxf5 Qxf4 37. Qb1 Kh8 38. h3 Qxa4 39. b3 Qb4 40. Qc1 Kg8 41. Nxh6+ Kh7 42. Ng4 Qf4 43. Qd1 Nf6 44. Qd3+ Kg7 45. Ne3 Qe4 46. Qc3 Kg6 47. Nc4 Nd5 48. Qg3+ Kh7 49. Nd6 Qe6 50. Qh4+ Kg6 51. Nc4 Qf5 52. Qg3+ Kh5 53. Qe1 Kg6 54. Qe8+ Kh6 55. Qh8+ 1/2-1/2

[Event "SWE-chT 0809"]
[Site "Sweden"]
[Date "2009.01.17"]
[Round "6"]
[White "Nylen, Anders"]
[Black "Tibell, Ingemar"]
[Result "1/2-1/2"]
[WhiteElo "2244"]
[BlackElo "2003"]
[PlyCount "105"]
[EventDate "2008.10.25"]
[EventType "team-tourn"]
[EventRounds "11"]
[EventCountry "SWE"]
[SourceTitle "EXT 2011"]
[Source "ChessBase"]
[SourceDate "2010.11.26"]
[SourceVersion "1"]
[SourceVersionDate "2010.11.26"]
[SourceQuality "1"]

1. d4 Nf6 2. c4 e6 3. Nc3 Bb4 4. e3 0-0 5. Bd3 d5 6. Nge2 b6 7. cxd5 exd5 8. 0-0 Bb7 9. Ng3 Re8 10. Bd2 Nbd7 11. Rc1 a6 12. Nf5 Bf8 13. Re1 g6 14. Ng3 c5 15. dxc5 bxc5 16. Qa4 Ne5 17. Bf1 Qb6 18. Qc2 Rac8 19. Na4 Qa7 20. Ba5 Ned7 21. Red1 Bc6 22. Ne2 Ne4 23. Nac3 Ndf6 24. Nxe4 Nxe4 25. Nc3 Nf6 26. Qd2 Qb7 27. b3 Bg7 28. Rb1 Ne4 29. Nxe4 Rxe4 30. Rbc1 Bf8 31. Bc3 f5 32. Ba1 Rc7 33. Qc3 Rg7 34. Qa5 Rd7 35. Qc3 Rg7 36. g3 Re8 37. Bg2 Rd8 38. Qe5 Qe7 39. Bxd5+ Bxd5 40. Rxd5 Qxe5 41. Rxe5 Rd2 42. Rexc5 Bxc5 43. Bxg7 Bxe3 44. fxe3 Kxg7 45. a4 Rb2 46. Rc6 a5 47. Rc5 Rxb3 48. Rxa5 Rxe3 49. Kf2 Ra3 50. h3 Kf6 51. Ra8 Kg5 52. Ra7 h5 53. Ra6 1/2-1/2

[Event "SWE-chT 0809"]
[Site "Sweden"]
[Date "2008.12.06"]
[Round "4"]
[White "Dalmau, Jorgen Mikael"]
[Black "Nylen, Anders"]
[Result "1-0"]
[WhiteElo "2227"]
[BlackElo "2242"]
[PlyCount "115"]
[EventDate "2008.10.25"]
[EventType "team-tourn"]
[EventRounds "11"]
[EventCountry "SWE"]
[SourceTitle "EXT 2011"]
[Source "ChessBase"]
[SourceDate "2010.11.26"]
[SourceVersion "1"]
[SourceVersionDate "2010.11.26"]
[SourceQuality "1"]

1. e4 c5 2. Nf3 d6 3. d4 cxd4 4. Nxd4 Nf6 5. Nc3 a6 6. Be3 e5 7. Nb3 Be6 8. f3 Nbd7 9. g4 Be7 10. Qd2 Rc8 11. 0-0-0 Qc7 12. g5 Nh5 13. Qf2 0-0 14. h4 Nf4 15. Bxf4 exf4 16. Bh3 Nb6 17. Nd4 Bxh3 18. Rxh3 Qc5 19. Qg1 g6 20. Qg4 Qb4 21. a3 Qa5 22. Nb3 Qe5 23. Nd5 Nxd5 24. Rxd5 Qe6 25. Qg2 Qd7 26. h5 Qa4 27. Kb1 Qd7 28. Qh2 Bd8 29. Rh4 a5 30. Rxf4 a4 31. hxg6 fxg6 32. Rxf8+ Kxf8 33. Rxd6 Qf7 34. Nd4 Kg8 35. f4 Be7 36. Rd7 Rd8 37. Rxd8+ Bxd8 38. Qd2 Bc7 39. f5 gxf5 40. Nxf5 Qe6 41. Qd4 Be5 42. Qxa4 Kf7 43. Qb5 b6 44. Qd3 Bh8 45. Qh3 Qe5 46. Qxh7+ Ke6 47. Qh6+ Kd7 48. Qxb6 Qxe4 49. Qa7+ Ke6 50. Ng7+ Bxg7 51. Qxg7 Qe1+ 52. Ka2 Qc1 53. Qf6+ Kd7 54. Qf5+ Kd6 55. g6 Ke7 56. g7 Qd1 57. g8Q Qd5+ 58. Qgxd5 1-0

[Event "SWE-chT 0809"]
[Site "Sweden"]
[Date "2008.12.05"]
[Round "3"]
[White "Nylen, Anders"]
[Black "Andersson, Fredrik1111"]
[Result "1/2-1/2"]
[WhiteElo "2242"]
[BlackElo "2308"]
[PlyCount "76"]
[EventDate "2008.10.25"]
[EventType "team-tourn"]
[EventRounds "11"]
[EventCountry "SWE"]
[SourceTitle "EXT 2011"]
[Source "ChessBase"]
[SourceDate "2010.11.26"]
[SourceVersion "1"]
[SourceVersionDate "2010.11.26"]
[SourceQuality "1"]

1. d4 Nf6 2. c4 g6 3. Nc3 Bg7 4. e4 d6 5. f3 0-0 6. Bg5 c5 7. d5 h6 8. Be3 e6 9. Qd2 exd5 10. cxd5 Re8 11. Nge2 h5 12. Nc1 a6 13. a4 Nbd7 14. Be2 Ne5 15. 0-0 Nh7 16. Kh1 f5 17. N1a2 Bd7 18. exf5 Bxf5 19. Ne4 Nf7 20. Nac3 Qa5 21. Rfe1 Bxe4 22. Nxe4 Qxd2 23. Bxd2 Nf6 24. Bd3 Ne5 25. Nxf6+ Bxf6 26. Be4 Kf7 27. Bf4 b5 28. b3 Reb8 29. Bc2 c4 30. bxc4 Nxc4 31. Rac1 Bb2 32. Rb1 Bc3 33. Re6 bxa4 34. Bxg6+ Kg7 35. Rc1 Rb3 36. Bc2 Rb4 37. Bh6+ Kh8 38. Bd3 Nb2 1/2-1/2

[Event "SWE-chT 0405"]
[Site "Sweden"]
[Date "2005.??.??"]
[Round "10"]
[White "Nylen, Anders"]
[Black "Bergstrom, Peter"]
[Result "1/2-1/2"]
[WhiteElo "2364"]
[BlackElo "2269"]
[PlyCount "146"]
[EventDate "2004.11.05"]
[EventType "team"]
[EventRounds "11"]
[EventCountry "SWE"]
[SourceTitle "EXT 2006"]
[Source "ChessBase"]
[SourceDate "2005.11.24"]
[SourceVersion "1"]
[SourceVersionDate "2005.11.24"]
[SourceQuality "1"]
[WhiteTeam "Limhamn"]
[BlackTeam "Sollentuna"]
[WhiteTeamCountry "SWE"]
[BlackTeamCountry "SWE"]

1. d4 d5 2. c4 c6 3. Nf3 Nf6 4. Nc3 dxc4 5. a4 Bf5 6. e3 e6 7. a5 Bb4 8. Qa4 Qe7 9. Bxc4 0-0 10. 0-0 Nbd7 11. Qb3 b5 12. axb6 axb6 13. Bd2 b5 14. Be2 Bd6 15. Rfc1 e5 16. dxe5 Nxe5 17. Nxe5 Qxe5 18. f4 Qe7 19. Bf3 Bc5 20. Na2 Rfd8 21. Bxc6 Rac8 22. Qxb5 Bxe3+ 23. Bxe3 Qxe3+ 24. Kh1 Ng4 25. h3 Nf2+ 26. Kh2 Qxf4+ 27. g3 Qd2 28. Bg2 Rxc1 29. Nxc1 Be4 30. Qe2 g6 31. Kg1 Bxg2 32. Kxg2 Ne4 33. Qxd2 Rxd2+ 34. Kf3 Ng5+ 35. Ke3 Rxb2 36. h4 Ne6 37. Ra7 Rg2 38. Ne2 Rh2 39. Nf4 Nf8 40. Nd3 Rh1 41. Kf2 Rb1 42. Ne5 Rb5 43. Re7 Rb6 44. Ng4 Kg7 45. Ra7 Rb5 46. Ne3 Rc5 47. Kf3 Ne6 48. Kf2 Rc7 49. Ra3 Rb7 50. Ra2 Nc5 51. Kf3 Rb6 52. Kg2 Rb3 53. Nf1 Nd3 54. Rd2 f5 55. Kf3 Kf6 56. Re2 Nc5+ 57. Re3 Rb2 58. Re2 Rb1 59. Nd2 Ra1 60. Kg2 Ra3 61. Nf3 Ne4 62. Rb2 Ra6 63. Rc2 Rd6 64. Ra2 h6 65. Rb2 g5 66. hxg5+ hxg5 67. Ra2 g4 68. Nh2 Rd3 69. Nf1 Rf3 70. Rb2 Ra3 71. Rb6+ Kg5 72. Rb2 Kf6 73. Rb6+ Kg5 1/2-1/2

[Event "SWE-chT 9899"]
[Site "Sweden"]
[Date "1998.10.17"]
[Round "2"]
[White "Nylen, Anders"]
[Black "Ronneland, Daniel"]
[Result "1-0"]
[WhiteElo "2205"]
[BlackElo "2325"]
[PlyCount "103"]
[EventDate "1998.??.??"]
[EventType "team"]
[EventRounds "11"]
[EventCountry "SWE"]
[SourceTitle "EXT 2000"]
[Source "ChessBase"]
[SourceDate "1999.11.16"]
[SourceVersion "1"]
[SourceVersionDate "1999.11.16"]
[SourceQuality "1"]

1. d4 d5 2. c4 c6 3. Nf3 Nf6 4. Nc3 e6 5. cxd5 exd5 6. Bg5 Be7 7. Qc2 Nbd7 8. e3 0-0 9. Bd3 Re8 10. 0-0 Nf8 11. Rab1 Ng6 12. b4 Bg4 13. Nd2 a6 14. a4 Qc8 15. Rfc1 h6 16. Bxf6 Bxf6 17. b5 Nh4 18. bxc6 bxc6 19. Ne2 Bd7 20. Ng3 Bg5 21. Nb3 Qc7 22. Nc5 Bc8 23. Rb3 Be7 24. Rcb1 Qa5 25. Qc3 Qxc3 26. Rxc3 Bd8 27. Nb7 Bd7 28. Nxd8 Rexd8 29. a5 Ra7 30. Rb6 Rda8 31. Rcb3 Kf8 32. Rb7 g6 33. Rxa7 Rxa7 34. Rb6 Ke7 35. Nf1 Kd6 36. Nd2 Nf5 37. Nb3 Ng7 38. Nc5 Ne6 39. Rxa6 Rxa6 40. Nxa6 c5 41. Nxc5 Nxc5 42. dxc5+ Kxc5 43. Kf1 Kb4 44. a6 Kc3 45. Ke2 f5 46. g3 d4 47. h4 h5 48. a7 Bc6 49. Ba6 Be4 50. exd4 Kxd4 51. Bb5 Ke5 52. Ke3 1-0

[Event "SWE-ch op"]
[Site "Gotland"]
[Date "1997.??.??"]
[Round "6"]
[White "Nylen, Anders"]
[Black "Berg, Emanuel"]
[Result "1-0"]
[WhiteElo "2225"]
[BlackElo "2205"]
[PlyCount "55"]
[EventDate "1997.03.21"]
[EventType "swiss"]
[EventRounds "9"]
[EventCountry "SWE"]
[SourceTitle "CBM 057 Extra"]
[Source "ChessBase"]
[SourceDate "1997.05.01"]
[SourceVersion "1"]
[SourceVersionDate "1997.05.01"]
[SourceQuality "1"]

1. d4 e6 2. c4 Nf6 3. Nc3 Bb4 4. e3 c5 5. Nge2 cxd4 6. exd4 0-0 7. a3 Be7 8. d5 d6 9. Ng3 Nbd7 10. Be2 exd5 11. cxd5 Re8 12. 0-0 Bf8 13. Be3 Ne5 14. Qb3 Nfg4 15. Nce4 Qh4 16. h3 Nxe3 17. Qxe3 Ng6 18. Nf6+ gxf6 19. Qxe8 Nf4 20. Qe4 Bh6 21. Bd3 Bg5 22. Qe8+ Kg7 23. Bf5 Be6 24. Qxa8 Bxd5 25. Bg4 Be6 26. Bxe6 fxe6 27. Qxb7+ Kh6 28. Qf3 1-0

[Event "SWE-ch op"]
[Site "Gotland"]
[Date "1997.??.??"]
[Round "9"]
[White "Nylen, Anders"]
[Black "Lind, Jan Olov"]
[Result "0-1"]
[WhiteElo "2225"]
[BlackElo "2315"]
[PlyCount "204"]
[EventDate "1997.03.21"]
[EventType "swiss"]
[EventRounds "9"]
[EventCountry "SWE"]
[SourceTitle "CBM 057 Extra"]
[Source "ChessBase"]
[SourceDate "1997.05.01"]
[SourceVersion "1"]
[SourceVersionDate "1997.05.01"]
[SourceQuality "1"]

1. d4 Nf6 2. c4 g6 3. Nc3 Bg7 4. e4 d6 5. f3 0-0 6. Bg5 Nc6 7. Nge2 a6 8. Qd2 Rb8 9. d5 Ne5 10. Nc1 c6 11. Be2 cxd5 12. cxd5 b5 13. Nb3 Nc4 14. Bxc4 bxc4 15. Nd4 Bd7 16. Be3 Qc7 17. 0-0 Rb7 18. Rfc1 Rc8 19. Nce2 e6 20. dxe6 fxe6 21. b3 d5 22. e5 Qxe5 23. Bf4 Ne4 24. Qa5 Qxf4 25. Nxf4 Bxd4+ 26. Kf1 c3 27. a4 Nd2+ 28. Ke1 Nxb3 29. Qxa6 Rb6 30. Qd3 Be5 31. Ne2 Nxa1 32. Rxa1 c2 33. Rc1 Bxa4 34. Qe3 Bc7 35. Qa3 Ra6 36. Qd3 Ba5+ 37. Kf2 Rac6 38. Kg3 Bc7+ 39. Kh3 Rc5 40. Qd4 Rc4 41. Qf6 Bd7 42. Qe7 Rd8 43. g4 e5 44. Ng3 Rc6 45. Kg2 Bc8 46. h4 Rf8 47. Qa3 e4 48. fxe4 Bf4 49. Ne2 Bxc1 50. Nxc1 dxe4 51. Qa4 Bd7 52. Qxe4 Rc5 53. Qd4 Bc6+ 54. Kg1 Rd5 55. Qc4 Bb7 56. Qxc2 Rc8 57. Qb2 Rd1+ 58. Kh2 Rh1+ 59. Kg3 Rg1+ 60. Kf4 Rf1+ 61. Kg5 Rfxc1 62. Qxb7 R1c6 63. Qb3+ Kg7 64. Kf4 Rc3 65. Qb6 R8c4+ 66. Ke5 Rxg4 67. Qf6+ Kh6 68. Kd6 Rd3+ 69. Kc5 Rh3 70. Qh8 Rhxh4 71. Qf8+ Kh5 72. Qf3 Rh2 73. Kd6 Rd2+ 74. Ke7 Rdd4 75. Qh1+ Kg5 76. Qc1+ Rgf4 77. Ke6 Rde4+ 78. Kd5 h5 79. Qg1+ Kf5 80. Qa7 Rd4+ 81. Kc5 Rc4+ 82. Kb5 Rce4 83. Qd7+ Kg5 84. Qd8+ Rf6 85. Qd2+ Ref4 86. Qg2+ Kh6 87. Qd2 g5 88. Qd8 h4 89. Qh8+ Kg6 90. Qg8+ Kh5 91. Qe8+ Rf7 92. Ka5 h3 93. Qh8+ Kg4 94. Qc8+ R7f5+ 95. Kb6 h2 96. Qh8 Kg3 97. Qh7 Kg2 98. Qb7+ Rf3 99. Qe4 h1Q 100. Qg4+ Kf2 101. Qd4+ Re3 102. Qd2+ Kf3 0-1